| 000 | 00744nam a2200133Ia 4500 | ||
|---|---|---|---|
| 008 | 100328s9999 xx 000 0 und d | ||
| 082 | _b74911 | ||
| 100 | _aदेसाई नयनतारा. | ||
| 245 | _aशिरकमल अमर जाहले (सेनानी बापू गोखले यांच्या जीवनावर). | ||
| 260 | _bविभासा पुस्तक महाल. | ||
| 630 | _aशिरकमल अमर जाहले (सेनानी बापू गोखले यांच्या जीवनावर). | ||
| 730 | _aशिरकमल अमर जाहले (सेनानी बापू गोखले यांच्या जीवनावर). | ||
| 942 | _cBOOK | ||
| 999 |
_c560632 _d560629 |
||